000 00375 a2200145 4500
005 20250629094045.0
020 _a9780655161264
082 _a658.8 PIL
100 _aPILLAI, R. S. N.
245 _aMarketing Management
260 _aNew Delhi,
_bS. CHAND COMPANY
_c2010.
300 _a548p.; ill.; figure
_bIndex
_c23cm.
700 _aBAGAVATHI, R. et all...
942 _2ddc
_cBKS
999 _c6234
_d6234